Vulnerabilidad de las vc̕timas desde la perspectiva de gňero Una visin̤ criminolg̤ica /

Bibliographic Details
Main Author: Rodrg̕uez Gonzl̀ez, Victor
Format: eBook
Language:Spanish
Published: Madrid: Dykinson, 2021
Subjects:
Online Access:Acceso restringido

MARC

LEADER 00000nam a22000007a 4500
005 20220630222047.0
007 cr|||| ||||
008 220630s2021 es |||||s|||| 00||0 spa d
020 |a 978-84-1122-018-7 
035 |a 36152 
040 |a vLex 
090 |c 13505  |d 13505 
100 1 |a Rodrg̕uez Gonzl̀ez, Victor 
245 1 0 |a Vulnerabilidad de las vc̕timas desde la perspectiva de gňero  |h [Recurso electrn̤ico] :  |b Una visin̤ criminolg̤ica /  |c Victor Rodrg̕uez Gonzl̀ez 
256 |a Servicio en ln̕ea 
260 |a Madrid:  |b Dykinson,  |c 2021 
300 |a 1 recurso electrn̤ico 
506 1 |a Disponible solo en los productos indicados  |d vLex Global  |d vLex Global (Academic Edition, excluding Law Schools)  |d vLex Global (U.S. Academic Edition, Law Schools)  |d vLex Global (U.S. Academic Edition, excluding Law Schools)  |d vLex Global (Academic Edition, Law Schools) 
650 0 4 |a Derecho Penal  |z Espaą 
740 0 |a vLex Libros (Servicio en ln̕ea) 
856 4 0 |u https://app.vlex.com/#/sources/36152  |z Acceso restringido 
942 |c BOOK 
999 0 |a Criminal law